000 00237nam a22000857a 4500
008 160706b xxu||||| |||| 00| 0 eng d
100 _92399
_a Endow, T.B
245 _aTom and the Naughty Grow
260 _aNew Delhi
_b National Book Trust
_c1999
999 _c2074
_d2074